| 000 | 00607cam a22002171 4500 | ||
|---|---|---|---|
| 001 | sa 66004124 | ||
| 003 | DLC | ||
| 005 | 20260227112240.0 | ||
| 008 | 820420q19601967ii 000 0 eng | ||
| 010 | _asa 66004124 | ||
| 025 | _aPL480:I-E-5228 | ||
| 035 | _a(OCoLC)8354741 | ||
| 040 |
_aDLC _cViU _dDLC |
||
| 042 | _apremarc | ||
| 050 | 0 | 0 |
_aHD8686.5 _b.R3 |
| 100 | 1 |
_aRamanujam, G., _d1916- |
|
| 245 | 1 | 0 |
_aIndustrial relations; _ba point of view _c[by] G. Ramanujam. |
| 260 |
_aNew Delhi, _bIndian National Congress _c[196-] |
||
| 300 |
_axi, 127 p. _c23 cm. |
||
| 650 | 0 |
_aIndustrial relations _zIndia. |
|
| 999 |
_c69248 _d69248 |
||